000 00309nam a22001217a 4500
008 180309b xxu||||| |||| 00| 0 eng d
041 _aeng
080 _215th
_a336.2
100 _a5
101 _aTAK
245 _aFundamentals of federal income taxation cases and materials
_cFreeland,J.J
942 _2udc
_cBK
999 _c44532
_d44532